Polycentric development - the key to regional competitiveness and cohesion? (Record no. 75185)
[ view plain ]
| 000 -LEADER | |
|---|---|
| fixed length control field | 01040cab a2200181 4500 |
| 001 - CONTROL NUMBER | |
| control field | L129623 |
| 008 - FIXED-LENGTH DATA ELEMENTS--GENERAL INFORMATION | |
| fixed length control field | 050506n2005 000 0 eng u |
| 035 ## - SYSTEM CONTROL NUMBER | |
| System control number | (Sirsi) u129623 |
| 041 ## - LANGUAGE CODE | |
| Language code of text/sound track or separate title | eng |
| 100 ## - MAIN ENTRY--PERSONAL NAME | |
| Personal name | Turok, Ivan |
| 245 ## - TITLE STATEMENT | |
| Title | Polycentric development - the key to regional competitiveness and cohesion? |
| 260 ## - PUBLICATION, DISTRIBUTION, ETC. | |
| Date of publication, distribution, etc. | 2005 |
| 490 ## - SERIES STATEMENT | |
| Series statement | Town & Country Planning |
| Volume/sequential designation | 74(3) March 2005, 102-104(3) |
| 520 ## - SUMMARY, ETC. | |
| Summary, etc. | Looks at how the idea of polycentricity, one of the cornerstones of the European Spatial Development Perspective, has influenced the Scottish planning community and considers its relevance to the National Planning Framework for Scotland. Analyses the rationale for polycentric development and examines the doubts raised about the general value of the concept and its particular applicability to the Central Belt in Scotland. Includes a strategy map from Scotland's National Planning Framework. |
| 590 ## - LOCAL NOTE (RLIN) | |
| Local note | IKA190505 |
| 690 ## - LOCAL SUBJECT ADDED ENTRY--TOPICAL TERM (OCLC, RLIN) | |
| Topical term or geographic name as entry element | ENVIRONMENTAL AND LAND CONSULTANCY-PLANNING AND DEVELOPMENT-STRATEGIC PLANNING |
| 942 ## - ADDED ENTRY ELEMENTS (KOHA) | |
| Suppress in OPAC | 0 |
| Withdrawn status | Lost status | Source of classification or shelving scheme | Damaged status | Not for loan | Home library | Current library | Shelving location | Date acquired | Total Checkouts | Full call number | Barcode | Date last seen | Copy number | Price effective from | Koha item type |
|---|---|---|---|---|---|---|---|---|---|---|---|---|---|---|---|
| Dewey Decimal Classification | London | London | Journal article | 06/05/2005 | L129623 | 129623-1001 | 06/08/2019 | 1 | 06/08/2019 | Journal article |